A First Course in Numerical Analysis With C++ (Record no. 189534)
[ view plain ]
| 000 -LEADER | |
|---|---|
| fixed length control field | 00775 a2200181 4500 |
| 003 - CONTROL NUMBER IDENTIFIER | |
| control field | Nust |
| 005 - DATE AND TIME OF LATEST TRANSACTION | |
| control field | 20221128141045.0 |
| 040 ## - CATALOGING SOURCE | |
| Transcribing agency | Nust |
| 082 ## - DEWEY DECIMAL CLASSIFICATION NUMBER | |
| Classification number | 519.4, BHA |
| 100 ## - MAIN ENTRY--PERSONAL NAME | |
| Personal name | S A Bhatti |
| 9 (RLIN) | 103699 |
| 245 ## - TITLE STATEMENT | |
| Title | A First Course in Numerical Analysis With C++ |
| Statement of responsibility, etc. | S A Bhatti & Mr. N A Bhatti |
| 250 ## - EDITION STATEMENT | |
| Edition statement | 5th Ed. |
| Remainder of edition statement | reprint |
| 260 ## - PUBLICATION, DISTRIBUTION, ETC. | |
| Place of publication, distribution, etc. | Lahore |
| Name of publisher, distributor, etc. | A-One publishers |
| Date of publication, distribution, etc. | 2011 |
| 300 ## - PHYSICAL DESCRIPTION | |
| Extent | xviii,390p. |
| 505 ## - FORMATTED CONTENTS NOTE | |
| Formatted contents note | Error Analysis (Page-1,) Finite Differences (Page-27), Interpolation (Page-51), Numerical Differ nation (Page-93), Numerical Integration (Page-125), Ordinary Differential Equations (Page-165), Non Linear Equations (Page-217), Linear Systems of Equations (Page-267), Eigen values and Eigenvectors (Page-323). |
| 650 ## - SUBJECT ADDED ENTRY--TOPICAL TERM | |
| Topical term or geographic name entry element | Numerical Analysis |
| 9 (RLIN) | 103 |
| 942 ## - ADDED ENTRY ELEMENTS (KOHA) | |
| Source of classification or shelving scheme | |
| Koha item type | Book |
| Withdrawn status | Lost status | Source of classification or shelving scheme | Damaged status | Not for loan | Permanent Location | Current Location | Shelving location | Date acquired | Full call number | Barcode | Date last seen | Price effective from | Koha item type | Public note |
|---|---|---|---|---|---|---|---|---|---|---|---|---|---|---|
| Military College of Signals (MCS) | Military College of Signals (MCS) | General Stacks | 12/12/2016 | 519.4,BHA | MCS35225 | 12/08/2016 | 12/12/2016 | Book | Almirah No.14, Shelf No.3 | |||||
| Military College of Signals (MCS) | Military College of Signals (MCS) | General Stacks | 12/12/2016 | 519.4,BHA | MCS37034 | 12/08/2016 | 12/12/2016 | Book | Almirah No. 14, Shelf No. 3 |
